Advertising its place in political & managerial economics

Guardat en:
Dades bibliogràfiques
Autor principal: Reekie, W. Duncan
Format: Llibre
Idioma:Undetermined
Publicat: London Macmillan 1974
Matèries:
Etiquetes: Afegir etiqueta
Sense etiquetes, Sigues el primer a etiquetar aquest registre!
Thư viện lưu trữ: Trung tâm Học liệu Trường Đại học Cần Thơ
LEADER 00492nam a2200181Ia 4500
001 CTU_99557
008 210402s9999 xx 000 0 und d
082 |a 659.1 
082 |b R322 
100 |a Reekie, W. Duncan 
245 0 |a Advertising its place in political & managerial economics 
245 0 |c W. Duncan Reekie 
260 |a London 
260 |b Macmillan 
260 |c 1974 
650 |a Advertising 
904 |i Tuyến 
980 |a Trung tâm Học liệu Trường Đại học Cần Thơ